Giáo trình thí nghiệm an toàn điện

Đã lưu trong:
书目详细资料
主要作者: Bạch, Thanh Quý
格式: Giáo trình
语言:Undetermined
出版: Đại Học Công nghiệp TP. Hồ Chí Minh 2022
主题:
标签: 添加标签
没有标签, 成为第一个标记此记录!
Thư viện lưu trữ: Trung tâm Thư viện - Trường Đại học Công nghiệp TP. Hồ Chí Minh
LEADER 00537nam a2200157Ia 4500
001 UIH_00061
008 230809s9999 xx 000 0 und d
082 |a 621.310289 
100 |a Bạch, Thanh Quý 
245 0 |a Giáo trình thí nghiệm an toàn điện 
245 0 |c Bạch, Thanh Quý 
260 |b Đại Học Công nghiệp TP. Hồ Chí Minh 
260 |c 2022 
650 |a An toàn điện; 
927 |a Giáo trình 
980 |a Trung tâm Thư viện - Trường Đại học Công nghiệp TP. Hồ Chí Minh